Собрание сочинений. Т. 3: Большая родня (Запись № 9564374)

Подробности
000 -МАРКЕР
контрольное поле 01249nam2a22002651 4500
001 - ИДЕНТИФИКАТОР ЗАПИСИ
контрольное поле rc\865324
005 - ИДЕНТИФИКАТОР ВЕРСИИ
контрольное поле 20250612172137.0
035 ## - ДРУГИЕ СИСТЕМНЫЕ НОМЕРА
Идентификатор записи (NLR Aleph) 008749918
100 ## - ДАННЫЕ ОБЩЕЙ ОБРАБОТКИ
Данные общей обработки 20041129d1984 |||y0rusy50 ca
101 0# - ЯЗЫК РЕСУРСА
Язык текста, звукозаписи и т.д. русский
102 ## - СТРАНА ПУБЛИКАЦИИ ИЛИ ПРОИЗВОДСТВА
Страна публикации Российская Федерация
105 ## - ПОЛЕ КОДИРОВАННЫХ ДАННЫХ: ТЕКСТОВЫЕ МАТЕРИАЛЫ, МОНОГРАФИЧЕСКИЕ
Кодированные данные о монографическом текстовом документе y |||||||||
200 1# - ЗАГЛАВИЕ И СВЕДЕНИЯ ОБ ОТВЕТСТВЕННОСТИ
Основное заглавие Большая родня
Обозначение и номер части ч. 2, 3 и 4
Сведения, относящиеся к заглавию Роман-хроника
Первые сведения об ответственности Авториз. пер. В. Россельса
210 ## - ПУБЛИКАЦИЯ, РАСПРОСТРАНЕНИЕ И ДР.
Дата издания, распространения и т.д. 1984
Место издания, распространения и т.д. Б. м.
215 ## - ФИЗИЧЕСКАЯ ХАРАКТЕРИСТИКА
Специфическое обозначение материала и объем 688 с.
Размеры 21
300 ## - ОБЩИЕ ПРИМЕЧАНИЯ
Текст примечания В вып. дан. авт.: Стельмах Михаил Афанасьевич
300 ## - ОБЩИЕ ПРИМЕЧАНИЯ
Текст примечания Изд. выходит с 1983 г.
461 #0 - УРОВЕНЬ НАБОРА
Встроенное поле 001rc\865321
-- 2001#$aСобрание сочинений$eВ 5 т.$eПер. с укр.$fМихайло Стельмах$g[Вступ. ст. Е. Гуцало, с. 5-22]$vТ. 3
-- 700#1$aСтельмах$bМ.А.$gМихаил Афанасьевич$f1912-1983
Системный номер (АБИС) связанной записи 6774347
Автор Стельмах, М.А. (1912-1983)
Место публикации М.
Дата публикации 1983-
Первые сведения об ответственности Михайло Стельмах
Имя издателя, распространителя и т.д. Худож. лит.
Сведения, относящиеся к заглавию В 5 т. : Пер. с укр.
Заглавие Собрание сочинений
Номер тома Т. 3
801 #0 - ИСТОЧНИК ЗАПИСИ
Страна Российская Федерация
Организация NLR
Правила каталогизации psbo
801 #1 - ИСТОЧНИК ЗАПИСИ
Страна Российская Федерация
Организация ELAR
Источник данных rusmarc
801 #2 - ИСТОЧНИК ЗАПИСИ
Страна Российская Федерация
Организация NLR
Дата составления 20050210
Источник данных rusmarc
852 ## - МЕСТОНАХОЖДЕНИЕ И ШИФР ХРАНЕНИЯ
Идентификатор организации NLR
Шифр хранения (Call Number) 84-3/1760
942 ## - ДОПОЛНИТЕЛЬНЫЕ ЭЛЕМЕНТЫ ЗАПИСИ (АБИС)
Тип экземпляра АБИС Книга
980 ## - КОЛЛЕКЦИЯ
Название коллекции Национальная библиография
Экземпляры
Тип экземпляра Дата поступления Библиотека постоянного хранения Библиотека текущего хранения Место хранения Шифр хранения Штрих-код Статус экземпляра
Книга 26.10.2013 РНБ (Московский) РНБ (Московский) Русский книжный фонд: издания с 1957 года 84-3/1760 8749918-10